Sports Quiz

Random Sports or NBA Quiz

NBA Career Point Leaders by Year of Retirement Quiz Stats

 Plays Quiz Updated Jun 7, 2019

Score 0/64 Timer 12:00
0 Plays Today
Last Season Player % Correct
1967-68None (NA)
100%
1966-67None (NA)
99.6%
1962-63None (NA)
99.6%
1959-60None (NA)
99.6%
1957-58None (NA)
99.6%
1956-57None (NA)
99.6%
2015-16Kobe Bryant (33,643)
94.4%
2018-19Dirk Nowitzki (31,560)
90.7%
2002-03Michael Jordan (32,292)
86.2%
2010-11Shaquille O'Neal (28,596)
82.9%
2016-17Paul Pierce (26,397)
82.4%
1995-96Magic Johnson (17,707)
75.9%
2003-04Karl Malone (36,928)
75.8%
1994-95Moses Malone (27,409)
75.5%
1989-90Dennis Johnson (15,535)
75.1%
1988-89Kareem Abdul-Jabbar (38,387)
74%
1991-92Larry Bird (21,791)
72.6%
2017-18Joe Johnson (20,405)
70.5%
2001-02Hakeem Olajuwon (26,946)
70.4%
2009-10Allen Iverson (24,368)
70.4%
1972-73Wilt Chamberlain (31,419)
69.8%
2013-14Ray Allen (24,505)
66.9%
2004-05Reggie Miller (25,279)
66.3%
1973-74Oscar Robertson (26,710)
60%
1993-94Isiah Thomas (18,822)
58.9%
1986-87Julius Erving (18,364)
57%
1999-00Charles Barkley (23,757)
56.5%
1997-98Clyde Drexler (22,195)
51.7%
2012-13Jason Kidd (17,529)
50%
1968-69Sam Jones (15,411)
47.6%
1977-78John Havlicek (26,395)
47.2%
2006-07Gary Payton (21,813)
46.8%
Last Season Player % Correct
1971-72Elgin Baylor (23,149)
46.2%
2011-12Tracy McGrady (18,381)
45.2%
1969-70Bob Cousy (16,960)
44.3%
1964-65Bob Pettit (20,880)
42.9%
1955-56George Mikan (10,156)
41.8%
1985-86George Gervin (20,708)
40.8%
1998-99Dominique Wilkins (26,668)
40.8%
1996-97Robert Parish (23,334)
39.6%
2000-01Chris Mullin (17,911)
37.7%
1983-84Elvin Hayes (27,313)
35.4%
1990-91Alex English (25,613)
34.7%
1979-80Rick Barry (18,395)
30.1%
2007-08Chris Webber (17,182)
28.1%
1992-93Bernard King (19,655)
27.7%
2005-06Jim Jackson (12,690)
27.6%
1963-64Dolph Schayes (18,438)
23.2%
2014-15Shawn Marion (17,700)
19.3%
1961-62Paul Arizin (16,266)
17.4%
1982-83Calvin Murphy (17,949)
17.1%
2008-09Stephon Marbury (16,297)
15.8%
1980-81Jo Jo White (14,399)
15.7%
1975-76Billy Cunningham (13,626)
15.6%
1978-79Gail Goodrich (19,181)
14.9%
1960-61Bill Sharman (12,665)
13%
1974-75Walt Bellamy (20,941)
12.4%
1987-88World B. Free (17,955)
11.6%
1965-66Jack Twyman (15,840)
7.9%
1981-82Bob Dandridge (15,530)
7.5%
1958-59Ed Macauley (11,234)
5.4%
1976-77Dick Van Arsdale (15,079)
3.6%
1970-71Bailey Howell (17,770)
3.3%
1984-85John Drew (15,291)
2.8%

You're not logged in!

Compare scores with friends on all Sporcle quizzes.
OR
Log In

Sporcle TV

Today on Sporcle TV


Watch our educational content, quiz creation guides, and fun videos on Sporcle TV.

Show Comments

Extras

Top Quizzes Today


Score Distribution

Your Account Isn't Verified!

In order to create a playlist on Sporcle, you need to verify the email address you used during registration. Go to your Sporcle Settings to finish the process.

Report this User

Report this user for behavior that violates our Community Guidelines.

Details: